Statystyki dla Piłkarze Manchesteru City i ich narodowości

Kliknij tutaj aby rozwiązać quiz!

Ogólne statystyki

  • Ten quiz został rozwiązany 801 razy
  • Średni wynik to 22 z 24

Statystyki odpowiedzi

HintOdpowiedź% Poprawnych
Rico LewisAnglia
98%
GrealishAnglia
98%
CarsonAnglia
98%
FodenAnglia
98%
PhillipsAnglia
98%
Walker
Anglia
98%
StonesAnglia
98%
EdersonBrazylia
98%
RodriHiszpania
95%
Sergio GomezHiszpania
95%
Nunes
Portugalia
94%
Oscar BobbNorwegia
94%
HaalandNorwegia
94%
SilvaPortugalia
94%
DiasPortugalia
94%
Kevin De BruyneBelgia
93%
Jeremy DokuBelgia
93%
AlvarezArgentyna
91%
GvardiolChorwacja
89%
KovacicChorwacja
89%
AkeHolandia
86%
OrtegaNiemcy
75%
AkanjiSzwajcaria
73%
SteffenUSA
47%

Rozkład punktacji

Percentyl według liczby udzielonych odpowiedzi

Procent ludzi z każdym wynikiem

Twoja historia wyników

Nie rozwiązałeś tego quizu